Letters & writings of Iqbal. (Record no. 549451)
[ view plain ]
| 000 -LEADER | |
|---|---|
| fixed length control field | 00483cam a2200145 4500 |
| 082 00 - DEWEY DECIMAL CLASSIFICATION NUMBER | |
| Classification number | 891.4396 |
| Author Mark | IQB |
| -- | L-27, P-104 |
| 100 1# - MAIN ENTRY--PERSONAL NAME | |
| Personal name | Iqbal, Muhammad, |
| 9 (RLIN) | 9 |
| 245 00 - TITLE STATEMENT | |
| Title | Letters & writings of Iqbal. |
| Statement of responsibility, etc. | Compiled and edited by B. A. Dar. Foreword by Mumtaz Hasan. |
| 260 ## - PUBLICATION, DISTRIBUTION, ETC. | |
| Place of publication, distribution, etc. | Karachi, |
| Name of publisher, distributor, etc. | Iqbal Academy |
| Date of publication, distribution, etc. | c1967. |
| 300 ## - PHYSICAL DESCRIPTION | |
| Extent | viii, 129 p. |
| Other physical details | facsim., ports. |
| Dimensions | 21 cm. |
| 526 ## - STUDY PROGRAM INFORMATION NOTE | |
| Program name | 0 |
| Interest level | 0 |
| Reading level | 0 |
| Title point value | 891_439600000000000_IQB |
| 650 ## - SUBJECT ADDED ENTRY--TOPICAL TERM | |
| Topical term or geographic name entry element | MCE |
| 9 (RLIN) | 379 |
| 700 1# - ADDED ENTRY--PERSONAL NAME | |
| Personal name | Dar, Bashir Ahmad. |
| 9 (RLIN) | 5646 |
| 942 ## - ADDED ENTRY ELEMENTS (KOHA) | |
| Source of classification or shelving scheme | |
| Koha item type | Book |
| Withdrawn status | Lost status | Source of classification or shelving scheme | Damaged status | Not for loan | Permanent Location | Current Location | Date acquired | Total Checkouts | Full call number | Barcode | Date last seen | Price effective from | Koha item type |
|---|---|---|---|---|---|---|---|---|---|---|---|---|---|
| Military College of Engineering (MCE) | Military College of Engineering (MCE) | 09/25/2014 | 891.4396 IQB | MCE-5200. | 09/25/2014 | 09/25/2014 | Book |
